000 00716nam a2200289Ia 4500
005 20260324124128.0
008 008 260324s9999 xx 000 0 eng d
020 _a9780429251030
037 _aEBOOK
040 _aCRL
040 _beng
040 _cCRL
041 _2eng
041 _aeng
084 _qCRL
100 _aJerry Ellig; Henry Wray; Maurice McTigue
_91172948
245 0 _aGovernment Performance and Results
245 3 _bAn Evaluation of GPRA's First Decade
260 _bTaylor and Francis
260 _c2011
365 _a
365 _b110
856 _uhttp://www.taylorfrancis.com/books/9780429251030
942 _cEBOOK
999 _c1767087
_d1767087